Filme mit höchsten Einspielergebnissen - Statistiken

Allgemein
  • Dieses Quiz wurde 64 mal gespielt
  • Das Durchschnittsergebnis liegt bei 6 aus 20
Antwortstatistiken
Jahr Einspielergebnis (nom.) Film % Korrekt
2009 2.923,7 Avatar - Aufbruch nach Pandora
88%
1997 2.263,3 Titanic
69%
2012 1.520,5 Marvel’s The Avengers
62%
2023 1.446,9 Barbie
44%
2019 2.779.4 Avengers: Endgame
42%
2018 2.052,4 Avengers: Infinity War
35%
2015 1.405,0 Avengers: Age of Ultron
27%
2019 1.663,3 Der König der Löwen
21%
2015 2.069,5 Star Wars: Das Erwachen der Macht
21%
2024 1.698,9 Alles steht Kopf 2
19%
2022 2.320,3 Avatar: The Way of Water
19%
2015 1.671,5 Jurassic World
17%
2021 1.921,8 Spider-Man: No Way Home
15%
2023 1.360,8 Der Super Mario Bros. Film
13%
2013 1.397,0 Die Eiskönigin - Völlig Unverfroren
13%
2019 1.382,2 Black Panther
12%
2019 1.450,0 Die Eiskönigin II
12%
2022 1.495,7 Top Gun: Maverick
12%
2025 1.898,6 Ne Zha 2
10%
2015 1.515,3 Fast & Furious 7
8%
Keine übereinstimmenden Quizze gefunden
Verteilung der Resultate
Anzahl Personen mit jedem Resultat
Perzentil nach korrekt beantworteten Fragen
Ihre Resultats-Entwicklung
Sie haben dieses Quiz noch nicht gespielt